Reglamento, programa, exposiciones

Zapisane w:
Opis bibliograficzny
Korporacja: Instituto de Investigaciones Geohistóricas (Autor)
Format: Książka
Język:hiszpański
Wydane: Resistencia Conicet 1992
Hasła przedmiotowe:
Etykiety: Dodaj etykietę
Nie ma etykietki, Dołącz pierwszą etykiete!

MARC

LEADER 00000nam a2200000 a 4500
001 UCO3090
003 CL-VaPUC
005 20201106001206.0
008 000714e19920000ag 1 spa d
082 0 4 |a 982.3  |b INS  |2 21 
110 2 |a Instituto de Investigaciones Geohistóricas  |e author  |9 619750 
245 1 0 |a Reglamento, programa, exposiciones 
260 |a Resistencia  |b Conicet  |c 1992 
300 |a 345 p 
583 |a last modification  |c 20000714 00:00:00  |k Rodrigo Vera 
650 0 7 |a GEOHISTORIA  |2 CL-VaPUC  |9 618881 
650 0 7 |a HISTORIA DEL CHACO  |2 CL-VaPUC  |9 447021 
650 0 0 |a Periodo Colonial  |9 257430 
651 0 |a Argentina  |9 254888 
651 7 |a CHACO  |2 CL-VaPUC  |9 396115 
651 0 |a Uruguay  |9 255194 
651 0 |a Paraguay  |9 255336 
942 |c BK 
945 |a rherrera  |d 20000714 00:00:00 
546 |a En Español 
518 |p Encuentro de Geohistoria Regional, Resistencia 2 y 3 de Julio, 1992 
999 |c 383565  |d 383563 
952 |0 0  |1 0  |4 0  |6 982_300000000000000_INS_1992  |7 0  |8 A  |9 505719  |a BIBHIS  |b BIBHIS  |d 2020-01-23  |i 1287591  |o 982.3 INS 1992  |p 1287591  |r 2025-01-20  |w 2020-01-23  |y BK  |k HIS